Vzdelanie a jeho cena

Z obsahu: Argumentácia proti trhovému školstvu neobstojí. Jediným kritériom pre cenu vzdelania je rozvoj človeka. Diskusie o výške poplatkov za štúdium sú irelevantné. Školstvo ako konflikt násilia a dobrovoľnosti. Chlebodarcu má vystriedať kontrolór pravidiel hry. Výhradný distribútor vzdelania na...

Ausführliche Beschreibung

Gespeichert in:
Bibliographische Detailangaben
Format: Buchkapitel
Sprache:Slowakisch
Schlagworte:
Tags: Tag hinzufügen
Keine Tags, Fügen Sie das erste Tag hinzu!

MARC

LEADER 00000naa a2200000 4500
001 r040834
005 20230921111058.0
041 0 |a slo 
044 |a SK 
245 1 0 |a Vzdelanie a jeho cena 
520 |a Z obsahu: Argumentácia proti trhovému školstvu neobstojí. Jediným kritériom pre cenu vzdelania je rozvoj človeka. Diskusie o výške poplatkov za štúdium sú irelevantné. Školstvo ako konflikt násilia a dobrovoľnosti. Chlebodarcu má vystriedať kontrolór pravidiel hry. Výhradný distribútor vzdelania na Slovensku je v kolapse. Pohodlné, ale krátkozraké riešenie. 
610 2 0 |a vzdelanie 
610 2 0 |a školstvo 
610 2 0 |a financovanie 
610 2 0 |a poplatky 
610 2 0 |a Slovensko 
610 2 0 |a študenti